00321nam a2200133Ia 4500100002100000650002600021366000700047654002600054245004500080260003300125082000800158300000900166546001200175 aTurbak/Franklyn  aprogramming languages f25 aprogramming languages aDesign concepts in programming languages bPrentice Hall of Indiac2008 bTUR a1322 aENGLISH